<?xml version="1.0" encoding="UTF-8"?>
<record
    xmlns:xsi="http://www.w3.org/2001/XMLSchema-instance"
    xsi:schemaLocation="http://www.loc.gov/MARC21/slim http://www.loc.gov/standards/marcxml/schema/MARC21slim.xsd"
    xmlns="http://www.loc.gov/MARC21/slim">

  <leader>00512 am a2200205 a 4500</leader>
  <controlfield tag="001">152784</controlfield>
  <controlfield tag="003">OSt</controlfield>
  <controlfield tag="005">20220218124928.0</controlfield>
  <controlfield tag="008">60315                ###                </controlfield>
  <datafield tag="020" ind1=" " ind2=" ">
    <subfield code="a">9789382314851</subfield>
  </datafield>
  <datafield tag="082" ind1=" " ind2=" ">
    <subfield code="a">580</subfield>
    <subfield code="b">K16T</subfield>
  </datafield>
  <datafield tag="100" ind1="1" ind2=" ">
    <subfield code="a">Kaushik, M.P.</subfield>
  </datafield>
  <datafield tag="245" ind1="1" ind2=" ">
    <subfield code="a">Modern botany</subfield>
    <subfield code="c">by M.P. Kaushik and Rahul Kaushik</subfield>
  </datafield>
  <datafield tag="260" ind1=" " ind2=" ">
    <subfield code="a">Muzaffarnagar</subfield>
    <subfield code="b">Prakash Publications</subfield>
    <subfield code="c">2016</subfield>
  </datafield>
  <datafield tag="300" ind1=" " ind2=" ">
    <subfield code="a">1672p.</subfield>
  </datafield>
  <datafield tag="653" ind1=" " ind2=" ">
    <subfield code="a">Life sciences</subfield>
  </datafield>
  <datafield tag="653" ind1=" " ind2=" ">
    <subfield code="a">Boatny</subfield>
  </datafield>
  <datafield tag="700" ind1=" " ind2=" ">
    <subfield code="a">Kaushik, Rahul</subfield>
  </datafield>
  <datafield tag="942" ind1=" " ind2=" ">
    <subfield code="2">ddc</subfield>
    <subfield code="c">BK</subfield>
  </datafield>
  <datafield tag="999" ind1=" " ind2=" ">
    <subfield code="c">15542</subfield>
    <subfield code="d">15542</subfield>
  </datafield>
  <datafield tag="952" ind1=" " ind2=" ">
    <subfield code="0">0</subfield>
    <subfield code="1">0</subfield>
    <subfield code="4">0</subfield>
    <subfield code="5">1</subfield>
    <subfield code="7">1</subfield>
    <subfield code="8">RTB</subfield>
    <subfield code="a">CURAJ</subfield>
    <subfield code="b">CURAJ</subfield>
    <subfield code="d">2016-03-01</subfield>
    <subfield code="e">LFS</subfield>
    <subfield code="l">0</subfield>
    <subfield code="o">580 K16T</subfield>
    <subfield code="p">26905</subfield>
    <subfield code="r">2024-11-21</subfield>
    <subfield code="w">2020-09-02</subfield>
    <subfield code="y">BK</subfield>
  </datafield>
  <datafield tag="952" ind1=" " ind2=" ">
    <subfield code="0">0</subfield>
    <subfield code="1">0</subfield>
    <subfield code="4">0</subfield>
    <subfield code="7">0</subfield>
    <subfield code="8">TXB</subfield>
    <subfield code="a">CURAJ</subfield>
    <subfield code="b">CURAJ</subfield>
    <subfield code="d">2016-03-01</subfield>
    <subfield code="e">LFS</subfield>
    <subfield code="l">9</subfield>
    <subfield code="o">580 K16T</subfield>
    <subfield code="p">26904</subfield>
    <subfield code="r">2025-11-21</subfield>
    <subfield code="s">2025-11-07</subfield>
    <subfield code="w">2020-09-02</subfield>
    <subfield code="y">BK</subfield>
  </datafield>
  <datafield tag="952" ind1=" " ind2=" ">
    <subfield code="0">0</subfield>
    <subfield code="1">0</subfield>
    <subfield code="2">ddc</subfield>
    <subfield code="4">0</subfield>
    <subfield code="7">0</subfield>
    <subfield code="8">TXB</subfield>
    <subfield code="a">CURAJ</subfield>
    <subfield code="b">CURAJ</subfield>
    <subfield code="d">2016-03-01</subfield>
    <subfield code="e">LFS</subfield>
    <subfield code="l">2</subfield>
    <subfield code="o">580 K16T</subfield>
    <subfield code="p">26903</subfield>
    <subfield code="r">2024-11-21</subfield>
    <subfield code="s">2024-10-18</subfield>
    <subfield code="w">2020-09-02</subfield>
    <subfield code="y">BK</subfield>
  </datafield>
  <datafield tag="952" ind1=" " ind2=" ">
    <subfield code="0">0</subfield>
    <subfield code="1">0</subfield>
    <subfield code="4">0</subfield>
    <subfield code="7">0</subfield>
    <subfield code="8">TXB</subfield>
    <subfield code="a">CURAJ</subfield>
    <subfield code="b">CURAJ</subfield>
    <subfield code="d">2016-03-01</subfield>
    <subfield code="e">LFS</subfield>
    <subfield code="l">7</subfield>
    <subfield code="o">580 K16T</subfield>
    <subfield code="p">26887</subfield>
    <subfield code="r">2025-12-23</subfield>
    <subfield code="s">2025-12-10</subfield>
    <subfield code="w">2020-09-02</subfield>
    <subfield code="y">BK</subfield>
  </datafield>
  <datafield tag="952" ind1=" " ind2=" ">
    <subfield code="0">0</subfield>
    <subfield code="1">0</subfield>
    <subfield code="4">0</subfield>
    <subfield code="7">0</subfield>
    <subfield code="8">TXB</subfield>
    <subfield code="a">CURAJ</subfield>
    <subfield code="b">CURAJ</subfield>
    <subfield code="d">2016-03-01</subfield>
    <subfield code="e">LFS</subfield>
    <subfield code="l">3</subfield>
    <subfield code="o">580 K16T</subfield>
    <subfield code="p">26898</subfield>
    <subfield code="r">2025-12-19</subfield>
    <subfield code="s">2025-12-17</subfield>
    <subfield code="w">2020-09-02</subfield>
    <subfield code="y">BK</subfield>
  </datafield>
  <datafield tag="952" ind1=" " ind2=" ">
    <subfield code="0">0</subfield>
    <subfield code="1">0</subfield>
    <subfield code="4">0</subfield>
    <subfield code="7">0</subfield>
    <subfield code="8">TXB</subfield>
    <subfield code="a">CURAJ</subfield>
    <subfield code="b">CURAJ</subfield>
    <subfield code="d">2016-03-01</subfield>
    <subfield code="e">LFS</subfield>
    <subfield code="l">1</subfield>
    <subfield code="o">580 K16T</subfield>
    <subfield code="p">26886</subfield>
    <subfield code="r">2025-02-12</subfield>
    <subfield code="s">2020-10-22</subfield>
    <subfield code="w">2020-09-02</subfield>
    <subfield code="y">BK</subfield>
  </datafield>
  <datafield tag="952" ind1=" " ind2=" ">
    <subfield code="0">0</subfield>
    <subfield code="1">0</subfield>
    <subfield code="4">0</subfield>
    <subfield code="7">0</subfield>
    <subfield code="8">TXB</subfield>
    <subfield code="a">CURAJ</subfield>
    <subfield code="b">CURAJ</subfield>
    <subfield code="d">2016-03-01</subfield>
    <subfield code="e">LFS</subfield>
    <subfield code="l">6</subfield>
    <subfield code="o">580 K16T</subfield>
    <subfield code="p">26897</subfield>
    <subfield code="r">2025-11-28</subfield>
    <subfield code="s">2025-11-14</subfield>
    <subfield code="w">2020-09-02</subfield>
    <subfield code="y">BK</subfield>
  </datafield>
  <datafield tag="952" ind1=" " ind2=" ">
    <subfield code="0">0</subfield>
    <subfield code="1">0</subfield>
    <subfield code="4">0</subfield>
    <subfield code="7">0</subfield>
    <subfield code="8">TXB</subfield>
    <subfield code="a">CURAJ</subfield>
    <subfield code="b">CURAJ</subfield>
    <subfield code="d">2016-03-01</subfield>
    <subfield code="e">LFS</subfield>
    <subfield code="l">5</subfield>
    <subfield code="o">580 K16T</subfield>
    <subfield code="p">26896</subfield>
    <subfield code="r">2025-12-01</subfield>
    <subfield code="s">2025-11-14</subfield>
    <subfield code="w">2020-09-02</subfield>
    <subfield code="y">BK</subfield>
  </datafield>
  <datafield tag="952" ind1=" " ind2=" ">
    <subfield code="0">0</subfield>
    <subfield code="1">0</subfield>
    <subfield code="4">0</subfield>
    <subfield code="5">1</subfield>
    <subfield code="7">1</subfield>
    <subfield code="8">RTB</subfield>
    <subfield code="a">CURAJ</subfield>
    <subfield code="b">CURAJ</subfield>
    <subfield code="d">2016-03-01</subfield>
    <subfield code="e">LFS</subfield>
    <subfield code="l">0</subfield>
    <subfield code="o">580 K16T</subfield>
    <subfield code="p">26895</subfield>
    <subfield code="r">2024-11-21</subfield>
    <subfield code="w">2020-09-02</subfield>
    <subfield code="y">BK</subfield>
  </datafield>
  <datafield tag="952" ind1=" " ind2=" ">
    <subfield code="0">0</subfield>
    <subfield code="1">0</subfield>
    <subfield code="4">0</subfield>
    <subfield code="7">0</subfield>
    <subfield code="8">TXB</subfield>
    <subfield code="a">CURAJ</subfield>
    <subfield code="b">CURAJ</subfield>
    <subfield code="d">2016-03-01</subfield>
    <subfield code="e">LFS</subfield>
    <subfield code="l">4</subfield>
    <subfield code="o">580 K16T</subfield>
    <subfield code="p">26902</subfield>
    <subfield code="r">2025-12-01</subfield>
    <subfield code="s">2025-11-14</subfield>
    <subfield code="w">2020-09-02</subfield>
    <subfield code="y">BK</subfield>
  </datafield>
  <datafield tag="952" ind1=" " ind2=" ">
    <subfield code="0">0</subfield>
    <subfield code="1">0</subfield>
    <subfield code="4">0</subfield>
    <subfield code="7">0</subfield>
    <subfield code="8">TXB</subfield>
    <subfield code="a">CURAJ</subfield>
    <subfield code="b">CURAJ</subfield>
    <subfield code="d">2016-03-01</subfield>
    <subfield code="e">LFS</subfield>
    <subfield code="l">5</subfield>
    <subfield code="o">580 K16T</subfield>
    <subfield code="p">26901</subfield>
    <subfield code="r">2024-12-02</subfield>
    <subfield code="s">2024-11-21</subfield>
    <subfield code="w">2020-09-02</subfield>
    <subfield code="y">BK</subfield>
  </datafield>
  <datafield tag="952" ind1=" " ind2=" ">
    <subfield code="0">0</subfield>
    <subfield code="1">0</subfield>
    <subfield code="4">0</subfield>
    <subfield code="7">0</subfield>
    <subfield code="8">TXB</subfield>
    <subfield code="a">CURAJ</subfield>
    <subfield code="b">CURAJ</subfield>
    <subfield code="d">2016-03-01</subfield>
    <subfield code="e">LFS</subfield>
    <subfield code="l">7</subfield>
    <subfield code="o">580 K16T</subfield>
    <subfield code="p">26889</subfield>
    <subfield code="r">2026-01-05</subfield>
    <subfield code="s">2025-12-19</subfield>
    <subfield code="w">2020-09-02</subfield>
    <subfield code="y">BK</subfield>
  </datafield>
  <datafield tag="952" ind1=" " ind2=" ">
    <subfield code="0">0</subfield>
    <subfield code="1">0</subfield>
    <subfield code="4">0</subfield>
    <subfield code="5">1</subfield>
    <subfield code="7">1</subfield>
    <subfield code="8">RTB</subfield>
    <subfield code="a">CURAJ</subfield>
    <subfield code="b">CURAJ</subfield>
    <subfield code="d">2016-03-01</subfield>
    <subfield code="e">LFS</subfield>
    <subfield code="l">0</subfield>
    <subfield code="o">580 K16T</subfield>
    <subfield code="p">26900</subfield>
    <subfield code="r">2024-11-21</subfield>
    <subfield code="w">2020-09-02</subfield>
    <subfield code="y">BK</subfield>
  </datafield>
  <datafield tag="952" ind1=" " ind2=" ">
    <subfield code="0">0</subfield>
    <subfield code="1">0</subfield>
    <subfield code="4">0</subfield>
    <subfield code="7">0</subfield>
    <subfield code="8">TXB</subfield>
    <subfield code="a">CURAJ</subfield>
    <subfield code="b">CURAJ</subfield>
    <subfield code="d">2016-03-01</subfield>
    <subfield code="e">LFS</subfield>
    <subfield code="l">3</subfield>
    <subfield code="o">580 K16T</subfield>
    <subfield code="p">26888</subfield>
    <subfield code="r">2025-12-03</subfield>
    <subfield code="s">2025-11-18</subfield>
    <subfield code="w">2020-09-02</subfield>
    <subfield code="y">BK</subfield>
  </datafield>
  <datafield tag="952" ind1=" " ind2=" ">
    <subfield code="0">0</subfield>
    <subfield code="1">0</subfield>
    <subfield code="4">0</subfield>
    <subfield code="7">0</subfield>
    <subfield code="8">TXB</subfield>
    <subfield code="a">CURAJ</subfield>
    <subfield code="b">CURAJ</subfield>
    <subfield code="d">2016-03-01</subfield>
    <subfield code="e">LFS</subfield>
    <subfield code="l">9</subfield>
    <subfield code="o">580 K16T</subfield>
    <subfield code="p">26899</subfield>
    <subfield code="r">2026-02-16</subfield>
    <subfield code="s">2026-01-16</subfield>
    <subfield code="w">2020-09-02</subfield>
    <subfield code="y">BK</subfield>
  </datafield>
  <datafield tag="952" ind1=" " ind2=" ">
    <subfield code="0">0</subfield>
    <subfield code="1">0</subfield>
    <subfield code="4">0</subfield>
    <subfield code="5">1</subfield>
    <subfield code="7">1</subfield>
    <subfield code="8">RTB</subfield>
    <subfield code="a">CURAJ</subfield>
    <subfield code="b">CURAJ</subfield>
    <subfield code="d">2016-03-01</subfield>
    <subfield code="e">LFS</subfield>
    <subfield code="l">0</subfield>
    <subfield code="o">580 K16T</subfield>
    <subfield code="p">26890</subfield>
    <subfield code="r">2024-11-21</subfield>
    <subfield code="w">2020-09-02</subfield>
    <subfield code="y">BK</subfield>
  </datafield>
  <datafield tag="952" ind1=" " ind2=" ">
    <subfield code="0">0</subfield>
    <subfield code="1">0</subfield>
    <subfield code="4">0</subfield>
    <subfield code="7">0</subfield>
    <subfield code="8">TXB</subfield>
    <subfield code="a">CURAJ</subfield>
    <subfield code="b">CURAJ</subfield>
    <subfield code="d">2016-03-01</subfield>
    <subfield code="e">LFS</subfield>
    <subfield code="l">4</subfield>
    <subfield code="o">580 K16T</subfield>
    <subfield code="p">26894</subfield>
    <subfield code="r">2026-01-12</subfield>
    <subfield code="s">2025-12-18</subfield>
    <subfield code="w">2020-09-02</subfield>
    <subfield code="y">BK</subfield>
  </datafield>
  <datafield tag="952" ind1=" " ind2=" ">
    <subfield code="0">0</subfield>
    <subfield code="1">0</subfield>
    <subfield code="4">0</subfield>
    <subfield code="7">0</subfield>
    <subfield code="8">TXB</subfield>
    <subfield code="a">CURAJ</subfield>
    <subfield code="b">CURAJ</subfield>
    <subfield code="d">2016-03-01</subfield>
    <subfield code="e">LFS</subfield>
    <subfield code="l">6</subfield>
    <subfield code="o">580 K16T</subfield>
    <subfield code="p">26893</subfield>
    <subfield code="r">2026-01-05</subfield>
    <subfield code="s">2025-12-17</subfield>
    <subfield code="w">2020-09-02</subfield>
    <subfield code="y">BK</subfield>
  </datafield>
  <datafield tag="952" ind1=" " ind2=" ">
    <subfield code="0">0</subfield>
    <subfield code="1">0</subfield>
    <subfield code="4">0</subfield>
    <subfield code="7">0</subfield>
    <subfield code="8">TXB</subfield>
    <subfield code="a">CURAJ</subfield>
    <subfield code="b">CURAJ</subfield>
    <subfield code="d">2016-03-01</subfield>
    <subfield code="e">LFS</subfield>
    <subfield code="l">7</subfield>
    <subfield code="o">580 K16T</subfield>
    <subfield code="p">26892</subfield>
    <subfield code="r">2026-01-19</subfield>
    <subfield code="s">2026-01-05</subfield>
    <subfield code="w">2020-09-02</subfield>
    <subfield code="y">BK</subfield>
  </datafield>
  <datafield tag="952" ind1=" " ind2=" ">
    <subfield code="0">0</subfield>
    <subfield code="1">0</subfield>
    <subfield code="4">0</subfield>
    <subfield code="7">0</subfield>
    <subfield code="8">TXB</subfield>
    <subfield code="a">CURAJ</subfield>
    <subfield code="b">CURAJ</subfield>
    <subfield code="d">2016-03-01</subfield>
    <subfield code="e">LFS</subfield>
    <subfield code="l">2</subfield>
    <subfield code="o">580 K16T</subfield>
    <subfield code="p">26891</subfield>
    <subfield code="r">2026-01-05</subfield>
    <subfield code="s">2025-12-19</subfield>
    <subfield code="w">2020-09-02</subfield>
    <subfield code="y">BK</subfield>
  </datafield>
</record>
